The consulting engineer (Record no. 38670)

MARC details
000 -LEADER
fixed length control field 00468nam a2200169Ia 4500
022 ## - INTERNATIONAL STANDARD SERIAL NUMBER
ISSN 2360-6824
050 ## - CALL MARK
Classification number TA 157 .C66/
245 #4 - TITLE STATEMENT
Title The consulting engineer
260 ## - PUBLICATION, DISTRIBUTION, ETC. (IMPRINT)
Place of publication Nigeria
260 ## - PUBLICATION, DISTRIBUTION, ETC. (IMPRINT)
Name of publisher American Educational Research Association : American Statistical Association
260 ## - PUBLICATION, DISTRIBUTION, ETC. (IMPRINT)
Year of publication 2018
300 ## - PHYSICAL DESCRIPTION
Number of Pages 62 p . : ill. ; 30 cm.
650 ## - SUBJECT ADDED ENTRY--TOPICAL TERM
Topical Term Consulting engineers.
942 ## - ADDED ENTRY ELEMENTS (KOHA)
Koha item type Serials

No items available.